02728cam a22005174i 4500003000900000005001700009008004100026020002800067020003100095020002800126020003100154035002000185040003300205082001700238100004300255245011400298264008300412300003600495336002100531337002500552338002300577504004100600504003500641505052800676505059101204526001001795526001001805526001001815526001001825526000801835526000801843526000801851526000801859526000801867526000801875526000801883650004301891650003801934650005801972650002402030650002902054650003402083650002202117650004002139650003102179PE-LiUPU20250731173111.0181226s2018 miu rb 001 0 eng d a0801048567q(volumen 1) a9780801048562q(volumen 1) a0801048567q(volumen 2) a9780801048562q(volumen 2) a(Sirsi) a251148 aPE-LiUPUbspacPE-LiUPUerda04a234bM122231 aMcClymond, Michael J.,d1958-,eautor.14aThe Devil's redemption :ba new history and interpretation of Christian universalism /cMichael J. McClymond. 1aGrand Rapids :bBaker Academic, a division of Baker Publishing Group,c[2018]. a2 volumenes ;c24 centímetros atext2rdacontent aunmediated2rdamedia avolume2rdacarrier aBibliografía: páginas 1181-1272. aÍndice: páginas 1273-1325.0 aVolume 1: Introduction -- Final salvation: church teachings and newer views -- Ancient afterlives: the Gnostic, Kabbalist, and esoteric Roots of Christian universalism -- "The end is like the beginning": Origen and Origenism, 200-410 CE -- "That God may be all in all": Origen and Origenism, 410-1700 CE -- "In yes and no all things consist": the theosophic world of Jakob Böhme and the Böhmists of Germany, England, America, France, and Russia -- A house divided: the rise and fall of the Anglo-American universalists.0 aVolume 2: German thinkers: Kant and Müller, Schleiermacher and Hegel, Schelling and Tillich -- Russian thinkers: Solovyov, Berdyaev, Florovsky, and Bulgakov -- Debating universal election: Karl Barth, Barth's interpreters, Jürgen Moltmann, and the post-1970s kenotic-relational theologies -- Embracing universal hope: Karl Rahner, Hans Urs von Balthasar, and the inclusivist, plurocentrist, and universalist turns in Roman Catholicism -- New theologies in the new millennium: the variety of contemporary universalisms -- The eclipse of grace: an appraisal of Christian universalism. aSEG42 aSEG41 aSEG40 aSEG39 aP94 aP87 aP86 aP85 aP77 aP76 aP35 4aLa salvación después de la muerte. 0aSalvaciónx Iglesia católica. 0aSalvaciónxCristianismoxHistoria de las doctrinas. 0aSalvaciónxIslam. 0aSalvaciónxjudaísmo. 0aSalvaciónxIglesia Mormona. 4aEl universalismo. 4aSalvación después de la muerte. 0aSalvaciónxcristianismo.